| 000 | 00542nab a2200193 a 4500 | ||
|---|---|---|---|
| 005 | 20210223125731.0 | ||
| 008 | 991125s1985 mx 000 0 spa u | ||
| 035 | _aUPN01000140743 | ||
| 100 | 1 |
_aGómez Villalpando, Armando _939620 |
|
| 222 | _aEDUCACION 2001 | ||
| 245 | _aFormación docente y la relación maestros-padres de familia | ||
| 260 | _aMéxico | ||
| 300 | _a25-28 | ||
| 362 | 0 | _a1999 No. 46, mar. | |
| 653 | 0 | _aINTERACCION PADRES-MAESTRO | |
| 653 | 0 | _aFORMACION DE MAESTROS | |
| 653 | 0 | _aCURRICULUM | |
| 905 | _aArticulo | ||
| 999 |
_c112891 _d112891 |
||